Statistics for Carolina Panthers Head Coaches by Picture

Click here to take the quiz!

General Stats

  • This quiz has been taken 17 times
    (8 since last reset)
  • The average score is 5 of 10

Answer Stats

Answer% Correct
Frank Reich
75%
John Fox
75%
Ron Rivera
75%
Matt Rhule
63%
Dom Capers
50%
Steve Wilks
50%
Chris Tabor
38%
Dave Canales
38%
George Seifert
38%
Perry Fewell
0%

Score Distribution

Percentile by Number Answered

Percent of People with Each Score

Your Score History

You have not taken this quiz since the last reset